| Tag |
First Indicator |
Second Indicator |
Subfields |
| LEADER |
00000cam a2200000 i 4500 |
| 001 |
in00004014613 |
| 006 |
m o d |
| 007 |
cr ||||||||||| |
| 008 |
180717s2018 nyub ob 001 0 eng |
| 005 |
20250816213312.7 |
| 010 |
|
|
|a 2018034329
|
| 020 |
|
|
|a 9781583677094
|q electronic book
|
| 020 |
|
|
|a 1583677097
|q electronic book
|
| 020 |
|
|
|z 9781583677063
|q paperback
|
| 024 |
8 |
|
|a 99978443483
|
| 035 |
|
|
|a (DLC)ebc5217511
|
| 040 |
|
|
|a NhCcYBP
|c NhCcYBP
|d UtOrBLW
|
| 042 |
|
|
|a pcc
|
| 043 |
|
|
|a a-ii---
|
| 050 |
|
4 |
|a HX391.5
|b .D54 2018
|
| 072 |
|
7 |
|a POL
|x 043000
|2 bisacsh
|
| 082 |
0 |
0 |
|a 322.4/20954
|2 23
|
| 100 |
1 |
|
|a D'Mello, Bernard,
|e author.
|0 http://id.loc.gov/authorities/names/n2010212616
|
| 245 |
1 |
0 |
|a India after Naxalbari :
|b unfinished history /
|c Bernard D'Mello.
|
| 264 |
|
1 |
|a New York :
|b Monthly Review Press,
|c [2018]
|
| 300 |
|
|
|a 1 online resource.
|
| 336 |
|
|
|a text
|b txt
|2 rdacontent
|
| 337 |
|
|
|a computer
|b c
|2 rdamedia
|
| 338 |
|
|
|a online resource
|b cr
|2 rdacarrier
|
| 504 |
|
|
|a Includes bibliographical references and index.
|
| 505 |
0 |
|
|a Cover; Title Page; Copyright; Contents; Dedication; Acknowledgments; Introduction; 1. Naxalite! "Spring Thunder," Phase I; 2. "1968" India as History; 3. Unequal Development and Evolution of the Ruling Bloc; 4. Naxalite! "Spring Thunder," Phase II; 5. India's "1989"-"Financial Aristocracy" and Government à Bon Marché; 6. "The Near and the Far"-India's Rotten Liberal-Political Democracy; 7. Maoist! "Spring Thunder," Phase III; 8. "Rotten at the Heart"-The "Secular State"; 9. "Little Man, What Now?"-In the Wake of Semi-Fascist and Sub-Imperialist Tendencies
|
| 505 |
8 |
|
|a 10. History, Memory, and Dreams-Reimagining "New Democracy"Appendix: Caste; Notes; Index
|
| 588 |
|
|
|a Description based on online resource; title from digital title page (viewed on October 11, 2018).
|
| 500 |
|
|
|a Electronic resource.
|
| 650 |
|
0 |
|a Naxalite movement
|z India
|x History.
|
| 651 |
|
0 |
|a India
|x Politics and government
|y 1947-
|0 http://id.loc.gov/authorities/subjects/sh85064944
|
| 651 |
|
0 |
|a India
|x Economic conditions
|y 1947-
|0 http://id.loc.gov/authorities/subjects/sh85064895
|
| 648 |
|
7 |
|a Since 1947
|2 fast
|
| 655 |
|
7 |
|a Electronic books.
|2 local
|
| 710 |
2 |
|
|a ProQuest (Firm)
|0 http://id.loc.gov/authorities/names/n2007068018
|
| 776 |
1 |
8 |
|i Print version:
|a D'Mello, Bernard, author.
|t India after Naxalbari
|d New York : Monthly Review Press, [2018]
|z 9781583677063
|w (DLC) 2018029629
|
| 856 |
4 |
0 |
|u https://ebookcentral.proquest.com/lib/tamucs/detail.action?docID=5217511
|z Connect to the full text of this electronic book
|t 0
|
| 955 |
|
|
|a YBP purchased firm e-records
|
| 980 |
|
|
|b 213.75
|g 1
|
| 987 |
|
|
|a ybp15631783
|
| 999 |
f |
f |
|s f063892a-7749-39c8-982b-f516cb1798ba
|i 634f900b-1cc7-3423-9600-2921bc936398
|t 0
|
| 952 |
f |
f |
|a Texas A&M University
|b College Station
|c Electronic Resources
|d Available Online
|t 0
|e HX391.5 .D54 2018
|h Library of Congress classification
|
| 998 |
f |
f |
|a HX391.5 .D54 2018
|t 0
|l Available Online
|